| 000 | 00000nam##2200000za#4500 |
| 001 | 9.615857 |
| 003 | CaOODSP |
| 005 | 20200514165640 |
| 007 | ta |
| 008 | 150406|2001||||xxc||||| f|0| 0 eng|d |
| 020 | |a0-662-31486-7 |
| 040 | |aCaOODSP|beng |
| 043 | |an-cn--- |
| 086 | 1 |aNH18-22/101-138E |
| 110 | 2 |aCanada Mortgage and Housing Corporation. |
| 245 | 10|aInnovative on-site wastewater treatment |
| 260 | |aOttawa - Ontario : |bCanada Mortgage and Housing Corporation |c2001. |
| 300 | |a4p. : |bfigs. ; |c28 cm. |
| 490 | 1 |aResearch highlight. Technical series |v01-138 |
| 563 | |aPamphlet |
| 590 | |a01-51|b2001-12-28 |
| 690 | 07|aWater pollution|2gcpds |
| 690 | 07|aWater management|2gcpds |
| 775 | 08|tTraitement novateur des eaux usée sur place |w(CaOODSP)9.625862 |
| 776 | 0#|tInnovative on-site wastewater treatment |w(CaOODSP)9.572300 |
| 830 | #0|aResearch highlight. Technical series ;|v01-138|w(CaOODSP)9.514826 |
| 986 | |aNHA 60975 |